1318 1761 1058 1004 1216 1021 1176 1369 1926 1626 1616 1560 1684 1593 1714 1086 1606 1348 1364 1947 1526 1148 1940 1725 1537 1680 1242 1627 1901 2000 1579 1646 1933 1849 1347 1876 1765 1575 1541 1569 1651 1230 1488 1820 1078 1002 1905 1842 1643 1132 1485 1863 1031 1954 1737 1651 1771 1281 1740 1647 1919 1475 1298 1659 1006 1931 1800 1742 1230 1404 1217 1355 1938 1247 1736 1496 1544 1477 1287 1783 1928 1786 1507 1559 1222 1705 1019 1428 1695 1634 1570 1085 1100 1955 1699 1682 1451 1354 1995 BCNSPRNW ULIB Ver.6.0+V

เปลี่ยนเป็นภาษาไทย

Change to English
 แสดงรายละเอียดบรรณานุกรม
  กลับหน้าหลัก

Brief Record : Get Marc (ISO 2709) : E-mail record : QR code < ปิดหน้าต่าง
LEADER : 00000nam 2200000uu 4500
001    13399120988
003     ULIB
008    121029s2551||||th 000 0 tha d
020    ^a9789742127015
050 04 ^aHD58.7^bณ311พ
100 0  ^aณัฎฐพันธ์ เขจรนันทน์
245 10 ^aพฤติกรรมองค์การ = Organizational behaviors /^cณัฎฐพันธ์ เขจรนันทน์
260    ^aกรุงเทพฯ :^bซีเอ็ดยูเคชั่น,^c2551
300    ^a293 หน้า ;^c24 ซม
650  7 ^aพฤติกรรมองค์การ
650  7 ^aองค์การ
650  7 ^aการจัดองค์การ
945    ^p220^l0^i15075
995    ^aทศพร
999    ^aทศพร เกษรทอง
รายการนี้ยังไม่มีแท็ก
คุณยังไม่ได้ล็อกอิน คุณสามารถมีกิจกรรมร่วมกับเว็บไซต์ได้ แต่ต้องล็อกอินก่อน ::
  ล็อกอิน

รายการสื่อสารสนเทศ

ลำดับที่ ประเภท เลขเรียก/บาร์โค้ด สถานที่ สถานะ
1. วิทยาศาสตร์การแพทย์ และสุขภาพ
วิทยาศาสตร์การแพทย์ และสุขภาพ
HD58.7 ณ311พ ฉ.1 
  Barcode: 15075
ห้องสมุดวิทยาเขตสวรรค์ประชารักษ์
►หนังสือทั่วไป
บนชั้น

รายการใกล้เคียง
    ผู้แต่ง [ณัฎฐพันธ์ เขจรนันทน์]

    หัวเรื่อง [พฤติกรรมองค์การ]
    หัวเรื่อง [องค์การ]
    หัวเรื่อง [การจัดองค์การ]

BibComment


ยังไม่เคยถูกคอมเมนท์

คอมเมนท์ทรัพยากรรายการนี้
  คอมเมนท์: พฤติกรรมองค์การ ..


 Copyright 2026. Bcnsprnw @Library